000 00583nam a22002177a 4500
999 _c3802
_d3802
003 OSt
005 20241029101108.0
008 241029b ||||| |||| 00| 0 eng d
020 _a9789670697444
040 _cKH8
082 _a 899.233 NUR
100 _aNur Fatihah,
_eauthor.
245 _aGigi saya sihat /
_cNur Fatihah.
260 _aJohor ;
_bPustaka Nenas ,
_c2018.
300 _a24 pages :
_bcolor illustrations ;
_c26 cm.
440 _aSiri Jom Sihat
650 _aMalaysian fiction
650 _aChildren's stories
_vMalay
650 _aMalay fiction
942 _2ddc
_cTR